Wait For It - Hamilton Cast (All Lyrics) - Statistics

General Stats
  • This quiz has been taken 1,044 times
  • The average score is 347 of 403
Answer Stats
Answer % Correct
a
99%
I
99%
the
99%
I'm
97%
It
97%
it
97%
to
97%
an
96%
for
96%
in
96%
wait
96%
Wait
96%
and
95%
And
95%
he
95%
He
95%
on
95%
is
94%
me
94%
can
93%
doesn't
93%
keep
93%
takes
93%
Then
92%
we
92%
We
92%
willing
92%
every
91%
discriminate
90%
her
90%
He's
90%
life
90%
Life
90%
shoes?
90%
When
90%
when
90%
anyway
89%
between
89%
day
89%
sinners
89%
there
89%
if
88%
letter
88%
Love
88%
no
88%
saints
88%
Theodosia
88%
writes
88%
away
87%
husband
87%
mine
87%
reason
87%
side
87%
so
87%
there's
87%
while
87%
My
86%
she's
86%
bed
85%
died
85%
Georgia
85%
still
85%
thing
85%
warm
85%
was
85%
am
84%
Hamilton
84%
keeping
84%
control
83%
one
83%
alive
82%
fall
82%
tryin'
82%
colonies
81%
make
81%
all
80%
line
80%
many
80%
mistakes
80%
of
80%
or
80%
who
80%
by
79%
Death
79%
father
79%
has
79%
have
79%
British
78%
mother
78%
not
78%
But
77%
they
77%
living
76%
original
76%
Just
74%
left
74%
legacy
74%
our
74%
loving
73%
protect
73%
respect
73%
genius
72%
tried
72%
grandfather
71%
his
71%
preacher
71%
break
70%
commanded
70%
rise
70%
teach
70%
everyone
69%
that
69%
What
69%
nothing
68%
running
68%
behind
67%
climb
67%
instructions
67%
won't
67%
ya
67%
hesitate
66%
late
66%
lose
66%
standing
66%
like
65%
loves
65%
are
64%
faces
64%
falling
64%
endless
63%
prove
63%
something
63%
uphill
63%
keeps
62%
things
62%
fire
61%
cry
60%
lying
60%
brimstone
58%
laugh
58%
time
58%
winning
58%
hymns
55%
wastes
53%
restraint
52%
exhibits
50%
game
48%
Changes
47%
inimitable
47%
relentless
46%
seems
45%
thrive
45%
survive
42%
few
40%
Hamilton's
38%
homilies
38%
pace
36%
raises
33%
stakes
33%
Plays
29%
goddamnit
26%
No matching quizzes found
Score Distribution
Percent of People with Each Score
Percentile by Number Answered
Your Score History
You have not taken this quiz